000 00473nam a2200181Ia 4500
005 20240919101033.0
008 131103s9999 xx 000 0 und d
040 _aLoreto College
041 _aEnglish
082 _a891.44
_bCHA
100 _aChattopadhyaya, Sunitikumar
245 _aBangla byakaran
_cSunitikumar Chattopadhyaya
260 _aCalcutta
_bCalcutta University
_c1939
300 _a541p.
650 _aBengali language
850 _aLCBED
942 _cBK
999 _c30732
_d81211